| 000 | 01438cam a2200409 4500 | ||
|---|---|---|---|
| 999 |
_c23310 _d23310 |
||
| 001 | vtls011896153 | ||
| 005 | 20220928132933.0 | ||
| 008 | 210209s2019 xo gr 010 f slo | ||
| 020 |
_a9788089822379 _q(brožované) |
||
| 035 | _aurn:nbn:sk:snk-am00eel6 | ||
| 035 | _aurn:nbn:sk:snk-am3ihuc | ||
| 035 | _a10FF80D4-6708-42A2-B333-A3F99FAD71D0 | ||
| 040 |
_aPOKPOH _bslo _cPOKPOH _dSNK _erda |
||
| 041 | 1 |
_aslo _heng |
|
| 044 |
_axo _cSK |
||
| 072 | 7 |
_a821.111(73)-3 _xAmerická próza _2konspekt |
|
| 080 |
_a821.111(73)-31 _22011 |
||
| 080 |
_a(0:82-311.6) _22011 |
||
| 100 | 1 |
_aDobson, Melanie _4aut _93310 |
|
| 240 | 1 | 0 |
_aHidden among the stars _lSlovensky |
| 245 | 1 | 0 |
_aUkryté vo hviezdach _cMelanie Dobsonová ; preklad z anglického originálu Hidden among the stars Lucia Sekerová |
| 250 | _aPrvé vydanie | ||
| 264 | 1 |
_a[Spišské Hanušovce] _bi527.net _c2019 |
|
| 300 |
_a310 strán _c21 cm |
||
| 336 |
_atext _btxt _2rdacontent |
||
| 337 |
_abez média _bn _2rdamedia |
||
| 338 |
_azväzok _bnc _2rdacarrier |
||
| 500 | _aMiesto vydania podľa NA ISBN | ||
| 500 | _aObsahuje stručné biografické údaje o autorke na zadnej strane publikácie | ||
| 655 | 7 |
_aamerické romány _2SNKPH _92 |
|
| 655 | 7 |
_aAmerican novels _2SNKPHeng _91670 |
|
| 655 | 7 |
_ahistorické romány _2SNKPH _91688 |
|
| 655 | 7 |
_aHistorical novels _2SNKPHeng _91689 |
|
| 700 | 1 |
_aSekerová, Lucia _4trl _92878 |
|
| 958 | _aLX | ||
| 958 | _aUP | ||